Seis despistados en busca del amor (Record no. 176549)
[ view plain ]
| 000 -LEADER | |
|---|---|
| campo de control de longitud fija | 00988nam a22002415i 4500 |
| 001 - NÚMERO DE CONTROL | |
| campo de control | 176549 |
| 003 - IDENTIFICADOR DE NÚMERO DE CONTROL | |
| campo de control | ES-MaACL |
| 005 - FECHA Y HORA DE LA ÚLTIMA TRANSACCIÓN | |
| campo de control | 20230906220120.0 |
| 008 - DATOS DE LONGITUD FIJA--INFORMACIÓN GENERAL | |
| campo de control de longitud fija | 110121s1949 sp a |||| | spa d |
| 080 ## - NÚMERO DE LA CLASIFICACIÓN DECIMAL UNIVERSAL | |
| Número de la Clasificación Decimal Universal | 821.134.2-22"19" |
| 100 1# - ENTRADA PRINCIPAL--NOMBRE DE PERSONA | |
| Nombre de persona | Vila-Belda, Vicente. |
| 9 (RLIN) | 144845 |
| 245 10 - MENCIÓN DEL TÍTULO | |
| Título | Seis despistados en busca del amor |
| Resto del título | : juguete cómico en tres actos / |
| Mención de responsabilidad, etc. | original de Vicente Vila-Belda. |
| 260 ## - PUBLICACIÓN, DISTRIBUCIÓN, ETC. | |
| Lugar de publicación, distribución, etc. | Madrid : |
| Nombre del editor, distribuidor, etc. | [s. n., |
| Fecha de publicación, distribución, etc. | 1949?] |
| 300 ## - DESCRIPCIÓN FÍSICA | |
| Extensión | 61 p. ; |
| Dimensiones | 17 cm. |
| 490 1# - MENCIÓN DE SERIE | |
| Mención de serie | Biblioteca teatral ; |
| Designación de volumen o secuencia | 131 |
| 500 ## - NOTA GENERAL | |
| Nota general | Anteportada ilustrada. |
| 500 ## - NOTA GENERAL | |
| Nota general | Estrenado en el Teatro Príncipe, de San Sebastián, el 26 de agosto de 1949, y en el Teatro de la Comedia de Madrid, la noche del 3 de febrero de 1950, por la Compañía Cómicodramática de Gregorio Martínez Sierra. |
| 500 ## - NOTA GENERAL | |
| Nota general | Encuadernado con otros títulos. |
| 597 ## - NOTA DE DESCRIPCIÓN FÍSICA | |
| NOTA DE DESCRIPCIÓN FÍSICA | En el lomo: 103-132. |
| 830 0# - PUNTO DE ACCESO ADICIONAL DE SERIE-TÍTULO UNIFORME | |
| Título uniforme | Biblioteca teatral ; |
| Designación de volumen o secuencia | 131 |
| 9 (RLIN) | 190120 |
| 852 ## - LOCALIZACIÓN | |
| Ubicación | ES-MaACL |
| Número de control de estantería | E-14123 (131) |
| Encuadernación | Olim P-302 |
| Estatus retirado | Estado de pérdida | Estado de daño | No para préstamo | Biblioteca de origen | Biblioteca actual | Ubicación en estantería | Fecha de adquisición | Fuente de adquisición | Total de préstamos | Signatura topográfica completa | Código de barras | Visto por última vez | Precio de reemplazo | Tipo de ítem Koha |
|---|---|---|---|---|---|---|---|---|---|---|---|---|---|---|
| Biblioteca del Ateneo de Madrid | Biblioteca del Ateneo de Madrid | Depósito 2 | 21/01/2011 | E-14123 (131) | 1185410 | 23/02/2023 | 23/02/2023 | Libro impreso |
